| 000 | 00395 a2200145 4500 | ||
|---|---|---|---|
| 001 | 168250 | ||
| 020 | _a | ||
| 040 | _cMagnum | ||
| 100 | _aForquin, Jean-Claude | ||
| 240 | 1 | 0 |
_aEscola e cultura: as bases sociais e epistemologicas do conhecimento _lpor |
| 245 | 1 | 0 | _aEscola e cultura: as bases sociais e epistemologicas do conhecimento |
| 362 | 0 | _a1899 | |
| 697 | _aPEDAGOGIA | ||
| 942 | _cBK | ||
| 999 |
_c168250 _d168250 |
||